000 00741nam a22001577a 4500
003 macl
005 20200318130710.0
008 200318b xxu||||| |||| 00| 0 eng d
040 _cmacl
082 _a370
100 _aचौहान, ज्‍योत्‍सना
_978690
245 _aमध्‍य प्रदेश प्राथमिक शिक्षक पात्रता परीक्षा (ऑनलाइन) 2020 बाल विकास एंव शिक्षाशास्‍त्र सम्‍पूर्ण स्‍टडी गाइड (वर्ग-3)
260 _aआगरा
_bअग्रवाल प्रकाशक
_c2020
650 _aशिक्षा
_978691
942 _2ddc
_cHIN
999 _c62443
_d62443